000 00209nam a2200097Ia 4500
008 190216s9999||||xx |||||||||||||| ||und||
100 _aMaheeb Simh
245 0 _aVyavaharik Hindi
260 _bNull
942 _cBK
999 _c15367
_d15367